| 000 | 00400nam a2200133Ia 4500 | ||
|---|---|---|---|
| 008 | 230917s9999||||xx |||||||||||||| ||und|| | ||
| 040 |
_e88413 _aMAIN |
||
| 041 | _aEnglish | ||
| 082 | _a301.412 R186K | ||
| 100 | _aRashtriya Mahila Aayog | ||
| 245 | 0 | _aKarya mein bhagidari 7 March 1999 ko gair sarkari sangthaon/swaichchhik sangthan | |
| 260 |
_aNew Delhi _bRashtriya Mahila Ayog _c1999 |
||
| 942 | _cBK | ||
| 999 |
_c81674 _d81674 |
||